| 000 | 00359nam a2200133Ia 4500 | ||
|---|---|---|---|
| 008 | 231017s9999 xx 000 0 und d | ||
| 082 | _a625.8 | ||
| 082 | _bCOL | ||
| 245 | 2 | _aA parametric study of factors affecting flexible pavement performance | |
| 245 | 0 | _cUniversity of Cambridge | |
| 260 | _bUniversity of Cambridge | ||
| 300 | _c30cm | ||
| 942 | _cREP | ||
| 999 |
_c606074 _d606074 |
||